Statistics for Europes Most Capped International Players

Click here to take the quiz!

General Stats

  • This quiz has been taken 17 times
  • The average score is 33 of 100

Answer Stats

CapsTeamAnswer% Correct
201PortugalCristiano Ronaldo
100%
168CroatiaLuka Modric
100%
176ItalyGianluigi Buffon
94%
131SpainAndres Iniesta
88%
167SpainIker Casillas
88%
180SpainSergio Ramos
88%
133SpainXavi
88%
122SwedenZlatan Ibrahimovic
88%
124DenmarkChristian Eriksen
81%
137GermanyMiroslav Klose
81%
123GermanyThomas Muller
81%
117GermanyManuel Neuer
69%
126ItalyPaolo Maldini
69%
144PolandRobert Lewandowski
69%
133SwedenSebastian Larsson
69%
123FranceThierry Henry
69%
120EnglandWayne Rooney
69%
145FranceHugo Lloris
63%
142FranceLilian Thuram
63%
127PortugalLuis Figo
63%
146IrelandRobbie Keane
63%
121GermanyBastian Schweinsteiger
56%
126BelguimEden Hazard
56%
150BelguimJan Vertonghen
56%
150GermanyLothar Matthaus
56%
125FranceOlivier Giroud
56%
134PortugalPepe
56%
127BelguimToby Alderweireld
56%
117ItalyDaniele De Rossi
50%
124RomaniaGheorghe Hagi
50%
129CroatiaIvan Perisic
50%
129DenmarkPeter Schmeichel
50%
124Czech RepublicPetr Cech
50%
131Bosnia and HerzegovinaEdin Dzeko
44%
117ItalyGiorgio Chiellini
44%
121ItalyLeonardo Bonucci
44%
130GermanyLukas Podolski
44%
143SpainSergio Busquets
44%
116SwitzerlandXherdan Shaqiri
44%
116ItalyAndrea Pirlo
38%
115EnglandDavid Beckham
38%
125SpainDavid Silva
38%
136ItalyFabio Cannavaro
38%
122North MacedoniaGoran Pandev
38%
117SwitzerlandGranit Xhaka
38%
134NetherlandsWesley Sneijder
38%
123FranceAntoine Griezmann
31%
130NetherlandsEdwin Van Der Sar
31%
146PortugalJoao Moutinho
31%
138SlovakiaMarek Hamsik
31%
125EnglandPeter Shilton
31%
128DenmarkSimon Kjaer
31%
132SwedenAndreas Isaksson
25%
134CroatiaDanjo Srna
25%
120EstoniaMart Poom
25%
129EstoniaRagnar Klavan
25%
139GreeceGiorgos Karagounis
19%
137FinlandJari Litmanen
19%
116FranceMarcel Desailly
19%
120TurkeyRustu Recber
19%
148SwedenAnders Svensson
13%
116UkraineAndriy Yarmolenko
13%
115RomaniaGheorghe Popescu
13%
117SwedenOlof Mellberg
13%
119Northern IrelandPat Jennings
13%
120GreeceThodoris Zagorakis
13%
144UkraineAnatolly Tymoshchuk
6%
126SpainAndoni Zubizarreta
6%
130BelguimAxel Wistel
6%
118IrelandJohn O'Shea
6%
131SwedenKim Kallstrom
6%
125LiechtensteinMario Frick
6%
143MaltaMichael Mifsud
6%
116SwedenRoland Nilsson
6%
127RussiaSergey Ignashevich
6%
134IrelandShay Given
6%
140Northern IrelandSteve Davis
6%
167LatviaVitalijs Astafjevs
6%
117LatviaAndrejs Rubins
0%
134EstoniaAndres Oper
0%
115SwedenBjorn Nordqvist
0%
122MaltaDavid Carabott
0%
126DenmarkDennis Rommedahl
0%
115EstoniaDmitri Kruglov
0%
134RomaniaDorinel Munteanu
0%
126EstoniaEnar Jaager
0%
120MaltaGilbert Agius
0%
118SwitzerlandHeinz Hermann
0%
137AndorraIldefons Lima
0%
118Czech RepublicKarel Poborsky
0%
153EstoniaKonstantin Vassiljev
0%
116GreeceKostas Katsouranis
0%
115EstoniaKristen Viikmae
0%
123AndorraMarcio Vieria
0%
143EstoniaMarko Kristal
0%
157EstoniaMartin Reim
0%
132LiechtensteinPeter Jehle
0%
121SlovakiaPeter Pekarik
0%
132ArmeniaSargis Hovsepyan
0%
143SwedenThomas Ravelli
0%

Score Distribution

Percentile by Number Answered

Percent of People with Each Score

Your Score History

You have not taken this quiz